00805nam a2200205Ia 4500003000900000008004100009020001800050040001600068080001600084100002800100245020900128260003200337300001000369650003300379650002900412650001900441942000700460999001500467952011700482IN-BaIIA211028s9999 xx 000 0 eng d a0-07-008009-7 cIIA Library a517.91bBRO aBronson, Richard911661 0aTheory and problems of modern introductory differential equationsbwith laplace transforms matrix methods numerical methods eigenvalue problemscRichard Bronson  aNew YorkbMcGraw-Hillc1973 a306p. aDifferential equations91510 aIntegral equations91635 aNASA Thesaurus cBK c6808d6808 00104070aBANbBANcGENd1981-07-21g48.79l0o517.91/ BROp7570r2021-11-05v48.79w1981-07-21yBKGRs. 48.79